The defining moment : (Record no. 127074)
[ view plain ]
| 000 -LEADER | |
|---|---|
| campo de control de longitud fija | 02816nam a22002537a 4500 |
| 003 - IDENTIFICADOR DE NÚMERO DE CONTROL | |
| campo de control | BJBSDDR |
| 005 - FECHA Y HORA DE LA ÚLTIMA TRANSACCIÓN | |
| campo de control | 20260512175336.0 |
| 006 - CÓDIGOS DE INFORMACIÓN DE LONGITUD FIJA--CARACTERÍSTICAS DEL MATERIAL ADICIONAL | |
| campo de control de longitud fija | a|||||r|||| 00| 0 |
| 007 - CAMPO FIJO DE DESCRIPCIÓN FÍSICA--INFORMACIÓN GENERAL | |
| campo de control de longitud fija | ta |
| 008 - DATOS DE LONGITUD FIJA--INFORMACIÓN GENERAL | |
| campo de control de longitud fija | 260512s20072006nyu|||||r|||| 00| 0 eng d |
| 020 ## - NÚMERO INTERNACIONAL ESTÁNDAR DEL LIBRO | |
| Número Internacional Estándar del Libro | 9780743246019 |
| 040 ## - FUENTE DE CATALOGACIÓN | |
| Lengua de catalogación | spa |
| Centro/agencia transcriptor | BJBSDDR |
| 041 ## - CÓDIGO DE IDIOMA | |
| Código de lengua del texto/banda sonora o título independiente | eng |
| 050 ## - SIGNATURA TOPOGRÁFICA DE LA BIBLIOTECA DEL CONGRESO | |
| Número de ítem | A466d 2007 |
| 100 1# - ENTRADA PRINCIPAL--NOMBRE DE PERSONA | |
| Nombre de persona | Alter, Jonathan H., |
| Fechas asociadas al nombre | 1957- |
| 9 (RLIN) | 30251 |
| 245 14 - MENCIÓN DEL TÍTULO | |
| Título | The defining moment : |
| Resto del título | FDR's hundred days and the triumph of hope / |
| Mención de responsabilidad, etc. | Jonathan Alter. |
| 250 ## - MENCION DE EDICION | |
| Mención de edición | paperback edition |
| 260 ## - PUBLICACIÓN, DISTRIBUCIÓN, ETC. | |
| Lugar de publicación, distribución, etc. | New York : |
| Nombre del editor, distribuidor, etc. | Simon & Schuster, |
| Fecha de publicación, distribución, etc. | 2007 |
| 300 ## - DESCRIPCIÓN FÍSICA | |
| Extensión | xvi, 415 pages, 16 unnumbered pages of plates : |
| Otras características físicas | illustrations ; |
| Dimensiones | 24 cm |
| 505 ## - NOTA DE CONTENIDO CON FORMATO | |
| Nota de contenido con formato | Contenidos : <br/>Prologue: Sunday, March 5, 1933<br/>pt. 1: Lightweight steel. Security ; "My boy Franklin" ; "Miss Nancy" ; Eleanor and Sara ; Dilettante ; "The medieval gnome" ; The operator ; The "ghastly affliction"<br/>Warm Springs dress rehearsal ; "I've got to be it myself"<br/>pt. 2: The ascent: 1932. "Brother, can you spare a dime?" ; "This doesn't go for above the neck" ; "Try something" for "the forgotten man" ; The Brain Trust ; The hair-splitter ; The "corkscrew candidate" ; Off the reservation ; Flight to Chicago ; The Bonus Army ; The trial of Jimmy Walker ; "Hang Hoover!"<br/>pt. 3: The crisis: winter 1933. The perfect foil ; Under the mattress ; "Wooden roof" and other cabinetry ; Nearly martyred in Miami ; "Damn the secretary" ; "Gabriel over the White House" ; The hairy hand ; Reluctant First Lady ; "Like hell I will!"<br/>pt. 4: The Hundred Days. "Fear itself" ; The consecration ; "An injection of adrenalin" ; "Action now" ; That temperament ; Holiday spirit ; "Surpassing charm" ; That voice ; "The chief croupier" ; Roosevelt's "tree army" ; The blue eagle ; Social Security ; "Dr. New Deal"<br/>Appendix: Inaugural address, March 4, 1933 ; First Fireside Chat, March 12, 1933 |
| 520 ## - RESUMEN, ETC. | |
| Sumario, etc. | This is the story of a political miracle--the perfect match of man and moment. FDR took office in 1933 as America touched bottom. Banks were closing, millions of people lost everything--the Great Depression had caused a national breakdown. Journalist Alter brings us closer than ever before to the Roosevelt magic. Facing the gravest crisis since the Civil War, instead of circumventing Congress and becoming the dictator so many thought they needed, FDR used his cagey political instincts and ebullient temperament in the storied first Hundred Days of his presidency to pull off a conjuring act that lifted the country and saved both democracy and capitalism. Alter shows us how a snobbish and apparently lightweight young aristocrat was forged into an incandescent leader by his domineering mother; his independent wife; his eccentric top adviser, Louis Howe; and his ally-turned-bitter-rival, Al Smith. |
| 942 ## - ELEMENTOS DE ENTRADA SECUNDARIOS (KOHA) | |
| Fuente del sistema de clasificación o colocación | Clasificación de Library of Congress |
| Suprimir en OPAC | No |
| Tipo de ítem Koha | Libro |
| 946 ## - PROCESAMIENTO DE INFORMACIÓN LOCAL (OCLC) | |
| Iniciales del agente catalogador | llh |
| Estatus retirado | Estado de pérdida | Fuente del sistema de clasificación o colocación | Estado de daño | No para préstamo | Colección | Biblioteca de origen | Biblioteca actual | Ubicación en estantería | Fecha de adquisición | Signatura topográfica completa | Código de barras | Visto por última vez | Copia número | Tipo de ítem Koha |
|---|---|---|---|---|---|---|---|---|---|---|---|---|---|---|
| Clasificación de Library of Congress | Automatización y Procesos Técnicos | Biblioteca Juan Bosch | Biblioteca Juan Bosch | Automatización y Procesos Técnicos (1er. Piso) | 12/05/2026 | A466d 2007 | 00000200091 | 12/05/2026 | 1 | Libro |
